SCALE UP MANUAL HANDBOOK FOR INNOVATORS (Record no. 32398)

MARC details
000 -LEADER
fixed length control field 00353nam a2200133Ia 4500
008 - FIXED-LENGTH DATA ELEMENTS--GENERAL INFORMATION
fixed length control field 240624s9999 xx 000 0 und d
041 ## - LANGUAGE CODE
Language code of text/sound track or separate title eng
082 ## - DEWEY DECIMAL CLASSIFICATION NUMBER
Classification number 658.406 PHA
100 ## - MAIN ENTRY--PERSONAL NAME
Personal name PHADKE UDAY
245 ## - TITLE STATEMENT
Title SCALE UP MANUAL HANDBOOK FOR INNOVATORS
260 ## - PUBLICATION, DISTRIBUTION, ETC.
Date of publication, distribution, etc. 2019
Place of publication, distribution, etc. New Jersey
Name of publisher, distributor, etc. World Scientific
300 ## - PHYSICAL DESCRIPTION
Extent xxviii, 336 p.; 17 cm.
365 ## - TRADE PRICE
Currency code
Price amount 33
Holdings
Withdrawn status Lost status Damaged status Not for loan Home library Current library Shelving location Date acquired Full call number Barcode Date last seen Copy number Price effective from Koha item type
        IMTN IMTN Rack 31-A 07/02/2020 658.406 PHA 32398 06/24/2024 75 06/24/2024 Books
Designed & Maintained by: LRC IMT Nagpur Contact: lrc@imtnag.ac.in© 2024. All Rights Reserved.